LEADER 01478nam2 22003613i 450 001 IST0006153 005 20251003044202.0 100 $a20130827d1986 ||||0itac50 ba 101 | $aita 102 $ait 181 1$6z01$ai $bxxxe 182 1$6z01$an 183 1$6z01$anc$2RDAcarrier 200 1 $aˆ1.63: ‰Napoli$fIstat, Istituto centrale di statistica 210 $aRoma$cIstat$d1986 215 $aXXXVII, 155 p., 1 carta di tav. ripieg.$d31 cm. 462 1$1001IST0006055$12001 $aˆ1: ‰Fascicoli provinciali$v1.63 606 $aAGRICOLTURA$xITALIA$xCENSIMENTI$x1982$2FIR$3MILC144121$9I 676 $a338.10945$9AGRICOLTURA. Italia$v23 710 02$aIstat$3CFIV037615$4070$0374421 791 02$aIstituto nazionale di statistica$3CFIV256089$zIstat 791 02$aIstituto centrale di statistica del Regno d'Italia$3ISTV000599$zIstat 791 02$aIstituto centrale di statistica$3LO1V135217$zIstat 791 02$aIstituto nazionale di statistica$3CFIV256089$zIstat 791 02$aIstituto centrale di statistica del Regno d'Italia$3ISTV000599$zIstat 791 02$aIstituto centrale di statistica$3LO1V135217$zIstat 801 3$aIT$bIT-000000$c20130827 850 $aIT-BN0095 912 $aIST0006153 950 2$aBiblioteca Centralizzata di Ateneo$cv. 1.63$d 01M/S (AR) 17 326$e 01AR 0700173265 VMA A4(0001.63 v. 1.63$fY $h20240111$i20240111 977 $a 01 996 $aNapoli$9303710 997 $aUNISANNIO LEADER 01969oas 2200637 a 450 001 9910891245203321 005 20260218112143.0 035 $a(DE-599)ZDB2025112-9 035 $a(OCoLC)40804582 035 $a(CONSER)sn 99047039 035 $a(CKB)1000000000023036 035 $a(DE-599)2025112-9 035 $a(EXLCZ)991000000000023036 100 $a19990216c1998uuuu sy 101 0 $aeng 135 $aurcnu|||||||| 181 $ctxt$2rdacontent 182 $cc$2rdamedia 183 $acr$2rdacarrier 200 00$aElectronic journal of SADIO $ethe electronic journal of the Argentine Society for Informatics and Operations Research (SADIO) 210 $a[Buenos Aires], Argentina $cThe Society$d1998- 300 $aTitle from journal home page (viewed Feb. 10, 1999). 311 08$a1514-6774 517 1 $aElectronic journal of the Argentine Society for Informatics and Operations Research 517 3 $aSADIO, electronic journal of Informatics and Operations Research 517 1 $aEJSADIO 517 1 $aEJS 531 0 $aSADIO electron. j. inform. oper. res. 606 $aComputer science$vPeriodicals 606 $aOperations research$vPeriodicals 606 $aComputer science$2fast$3(OCoLC)fst00872451 606 $aOperations research$2fast$3(OCoLC)fst01046387 608 $aPeriodicals.$2fast 615 0$aComputer science 615 0$aOperations research 615 7$aComputer science. 615 7$aOperations research. 676 $a003.305 712 02$aSociedad Argentina de Informa?tica e Investigacio?n Operativa 801 0$bWAU 801 1$bWAU 801 2$bOCLCQ 801 2$bDLC 801 2$bWAU 801 2$bOCLCQ 801 2$bOCLCO 801 2$bOCLCQ 801 2$bOCLCF 801 2$bOCLCO 801 2$bOCLCQ 801 2$bOCLCL 801 2$bOCLCQ 906 $aJOURNAL 912 $a9910891245203321 996 $aElectronic journal of SADIO$92123743 997 $aUNINA